• 首页
  • 本馆介绍
  • 公告通知
  • 最新文献
  • 馆藏检索
  • 电子资源
  • 读者导购
  • 参考咨询
  • 我的图书馆
  • 登录
  • 详细信息显示
  • 放入我的书架
  • 预约/预借图书
  • 作者相关作品
  • 分类相关作品
  • 丛书相关作品
  • 出版社相关作品

书目信息

  • 表格格式
  • 工作单格式
  • 卡片格式
书名: 语言测试要略
作者: Lyle F. Bachman著.
分册号:
分册名:
出版地: 上海 :
 
出版社: 外语教育出版社
出版时间: 1999.
页数: xi, 408 p. :
开本: 24 cm.
丛书名: 牛津应用语言学丛书
中图分类号:
科图分类号:
其他分类号: H0
主题词:
电子资源:
000 01152nam 2200325 a 4500
001 E0733374175
005 20070531171337.31
008 020311r19991990cc a b 001 0 eng d
020    @a7810465732 :@cCNY26.00.
040    @aNUL@bchi@cNUL
041    @aeng
050  4 @aP53.4@b.B33 1990
090    @aH0/X4(1) @2 4
090    @aH0
093    @aH0 @2 4
099    @dH0@ex36
100 1  @aBachman, Lyle F.,@d1944-
245 10 @a语言测试要略 :@bFundamental considerations in language testing / @cLyle F. Bachman著.
246 31 @aFundamental considerations in language testing
250    @a影印本.
260    @a上海 :@b外语教育出版社,@c1999.
300    @axi, 408 p. :@bill. ;@c24 cm.
440  0 @a牛津应用语言学丛书
500    @a本书由牛津大学出版社授权上海外语教育出版社出版
504    @aIncludes bibliographical references (p. [361]-394) and index.
534    @pOriginally published: Oxford : Oxford University Press, 1990.@z0194370038.
650  0 @aCommunicative competence.
650  0 @aLanguage and languages@xExaminations.
650  0 @aLanguage and languages@xAbility testing.
700    @aBachman,Lyle F.
    
    语言测试要略 : : Fundamental considerations in language testing / / Lyle F. Bachman著.-影印本.-上海 : : 外语教育出版社, , 1999.
    xi, 408 p. : : ill. ; ; 24 cm.- (牛津应用语言学丛书 )
    本书由牛津大学出版社授权上海外语教育出版社出版.-Includes bibliographical references (p. [361]-394) and index.
    
    ISBN 7810465732 :CNY26.00.
    
●
相关链接 在E读中查询图书 在五车中查询图书 在当当中查询图书 在豆瓣中查询图书


正题名:语言测试要略     索取号:H0/x36         预约/预借

序号 登录号 条形码 馆藏地/架位号 状态 备注
1 0000519   300005198   第二样本阅览室/ [索取号:H0/x36] 在馆    
2 0000520   300005205   第四借阅区/ [索取号:H0/x36] 在馆    
3 0000521   300005214   第四借阅区/ [索取号:H0/x36] 在馆    
4 0000522   300005223   第四借阅区/ [索取号:H0/x36] 在馆    
5 0000523   300005232   第四借阅区/ [索取号:H0/x36] 在馆    
唐山师范学院图书馆 欢迎您!
大连网信软件有限公司© 版权所有